Tilastot visalle Tornion kaupunginosat

Klikkaa tästä pelataksesi tätä visaa!

Yleistilastot

  • Tätä visaa on pelattu 58 kertaa
  • Keskiarvotulos 14 / 34

Vastaustilastot

Varsinaiset
kaupunginosat
% Oikein
Karunki
83%
Kaakamo
67%
Kiviranta
67%
Liakka
67%
Pudas
61%
Suensaari
61%
Alavojakkala
56%
Torppi
56%
Arpela
44%
Kukkola
44%
Miukki
44%
Pirkkiö
44%
Röyttä
44%
Ylivojakkala
44%
Aapajoki
39%
Juhannussaari
39%
Kokkokangas
39%
Korpikylä
39%
Laivaniemi
39%
Luotomäki
39%
Puuluoto
39%
Raumo
39%
Kantojärvi
33%
Palosaari
33%
Yliliakka
33%
Aapajärvi
28%
Kourilehto
28%
Ruottala
28%
Palovaara
22%
Ruohokari
22%
Särkinärä
22%
Vanha Pirkkiö
22%
Könölä
17%
Sattajärvi
6%

Tulosjakauma

Persentiili vastausten määrän mukaan

Jokaisen tuloksen saaneiden osuus

Tuloshistoriasi

Et ole pelannut tätä visaa